| 000 | 00627nam a2200181 i 4500 | ||
|---|---|---|---|
| 001 | 18201 | ||
| 003 | ES-MaACL | ||
| 005 | 20230906151759.0 | ||
| 007 | t| | ||
| 008 | 011008s1949 fr |||| | fre d | ||
| 080 | _a342.7(082.2) | ||
| 245 | 0 | 0 |
_aAutour de la nouvelle déclaration universelle des droits de l'homme _b: textes réunis par l'U.N.E.S.C.O. |
| 260 |
_a[S.l.] : _bSagittaire, _c[1949] |
||
| 300 |
_a236 p. ; _c23 cm. |
||
| 610 | 2 | 4 |
_aNaciones Unidas. _bAsamblea General. _tDeclaración universal de los derechos humanos. _95958 |
| 710 | 2 |
_aUnesco. _96999 |
|
| 852 |
_aES-MaACL _jAND-115 _z. - Biblioteca Juan Andrade |
||
| 999 |
_c18201 _d18201 |
||